| 000 | 00593nam a22002057a 4500 | ||
|---|---|---|---|
| 999 |
_c181950 _d181950 |
||
| 005 | 20211011163414.0 | ||
| 010 | _aB-741739 | ||
| 020 |
_c399.00 _a9789389253498 |
||
| 035 | _aB-741739 | ||
| 037 | _bGift | ||
| 082 | _aS | ||
| 100 | _aRazdan,Riva | ||
| 245 |
_aA R Z U / _cby- Riva Razdan |
||
| 260 |
_aGurugram _bHachette Book Publishing _c2021 |
||
| 270 |
_a4th and 5th Floors, Corporate Centre, Plot No.94 _bGurugram _e122003 |
||
| 300 |
_a276 p. _c21cm(pbk) |
||
| 700 | _aRamanujam,Ruchira | ||
| 942 |
_2ddc _cCH _hS _mRAZ |
||